|
|
|
|
| LEADER |
00000cam a2200000 7i4500 |
| 001 |
0000001844 |
| 002 |
000002005 |
| 005 |
20000330.0 |
| 020 |
|
|
|a 9839073664
|
| 090 |
0 |
0 |
|a JF
|b ONG
|
| 100 |
1 |
|
|a Ong, Johnny
|
| 245 |
1 |
0 |
|a Kisah tenuk
|c Johnny Ong dan Sulaiman Zakaria
|
| 260 |
|
|
|a Petaling Jaya :
|b Tioman Books ,
|c 1994
|
| 300 |
|
|
|a 24p. :
|b ill. ;
|c 21cm.
|
| 490 |
0 |
|
|a Cerita-cerita peribadi mulia
|
| 650 |
0 |
0 |
|a Children's stories, Malay
|
| 700 |
0 |
|
|a Sulaiman Zakaria
|
| 999 |
|
|
|a 035138
|b BUKU
|c PINJAMAN
|e PERPUSTAKAAN KOMUNITI PETALING JAYA
|
| 999 |
|
|
|a 035139
|b BUKU
|c PINJAMAN
|e PERPUSTAKAAN KOMUNITI CAW KOTA DAMANSARA
|